[Event "Novi Sad op-B"]
[Site "Novi Sad"]
[Date "2008.04.11"]
[Round "7"]
[White "Cvetic, Dragan"]
[Black "Lukajic, Bojan"]
[Result "1/2-1/2"]
[WhiteElo "2042"]
[BlackElo "1931"]
[PlyCount "91"]
[EventDate "2008.04.06"]
[EventType "swiss"]
[EventRounds "9"]
[EventCountry "YUG"]
[SourceTitle "EXT 2011"]
[Source "ChessBase"]
[SourceDate "2010.11.26"]
[SourceVersion "1"]
[SourceVersionDate "2010.11.26"]
[SourceQuality "1"]

1. d4 Nf6 2. c4 g6 3. Nc3 Bg7 4. e4 d6 5. Nf3 0-0 6. Be2 e5 7. Bg5 h6 8. Be3 Nc6 9. d5 Ne7 10. h3 Ne8 11. Qd2 Kh7 12. g4 f5 13. gxf5 gxf5 14. exf5 Bxf5 15. Nh4 Nf6 16. Nxf5 Nxf5 17. Bd3 e4 18. Nxe4 Nxe4 19. Bxe4 Qh4 20. Qd3 Qh5 21. Qe2 Qxe2+ 22. Kxe2 Rae8 23. Kd3 Kh8 24. Bxf5 Rxf5 25. Rab1 Rf3 26. Ke2 Rf5 27. Kd3 Rf3 28. b3 Bf6 29. Ke2 Rf5 30. Rbd1 Kh7 31. Rh2 Rfe5 32. Rd3 Re4 33. Kf3 b6 34. Rh1 Rh4 35. Bf4 Rf8 36. Bg3 Rh5 37. Ke2 a5 38. Re3 Rf7 39. Rh2 Rf5 40. Re4 h5 41. h4 b5 42. Rh1 b4 43. Rh2 Bb2 44. Re6 Rf3 45. Re3 R3f5 46. Re4 1/2-1/2